| 000 | 00469nam a2200097Ia 4500 | ||
|---|---|---|---|
| 008 | 180130s9999 xx 000 0 und d | ||
| 245 |
_cStromsted, Tina; Sieff, Daniela F. _aDances of psyche and soma: re-inhabiting the body in the wake of emotional trauma |
||
| 260 | _c2015 | ||
| 300 | _aBook title: Understanding and healing emotional trauma : conversations with pioneering clinicians and researchers--Acession number C20254; pages 46-63 | ||
| 650 | _aPSYCHOLOGICAL STRESS | ||
| 999 |
_c354069 _d354069 |
||